000 00217 a2200109 4500
020 _a9780399251566
041 _aspa
100 _aElya, Susan Middleton
245 _aLa Princesa y la Pea
942 _cBK
952 _74
999 _c24878
_d24878